| 000 | 00770cam a2200265 u 4500 | ||
|---|---|---|---|
| 003 | MX-MxUPN | ||
| 005 | 20240508064307.0 | ||
| 008 | 191028s2009 ag a ar 000 j spa d | ||
| 020 | _a9789501124590 | ||
| 035 | _aUPN01000233759 | ||
| 040 |
_aMX-MxUPN _bspa |
||
| 041 | 0 | _aspa | |
| 050 | 4 |
_aPZ74.9 _bT677 2009 |
|
| 100 | 1 |
_aTorres, Elena _951330 |
|
| 245 | 1 | 0 | _aZapatos para todas las estaciones |
| 260 |
_aBuenos Aires : _bSigmar, _c2009. |
||
| 300 |
_a[10] páginas : _bilustraciones a color |
||
| 490 | 0 | _aVainilla | |
| 650 | 4 |
_aEstaciones del año _vLiteratura infantil _924633 |
|
| 650 | 4 |
_951862 _aBotas y zapatos _vLiteratura infantil |
|
| 902 | _bVíctorGodínez/070524 | ||
| 905 | _aInfantil | ||
| 942 |
_2lcc _cLIBRO |
||
| 999 |
_c205854 _d205854 |
||